000 00211nam a22000857a 4500
008 170621b xxu||||| |||| 00| 0 eng d
100 _93618
_aNCERT
245 _aLab manual Science IX
260 _aNew Delhi
_bNCERT
_c2009
999 _c7007
_d7007